| 000 | 00937nam a2200265Ia 4500 | ||
|---|---|---|---|
| 005 | 20220317001118.0 | ||
| 008 | 160825s2001 ck g 000 0 spa | ||
| 020 | _a9588109159 | ||
| 100 | 1 |
_aBadrán, Pedro _d1960- |
|
| 245 | 1 | 3 |
_aEl día de la mudanza _cPedro Badrán |
| 250 | _a1a. edición | ||
| 300 |
_a73 páginas _c23 cm |
||
| 521 | _aRecomendado para adultos | ||
| 586 | _aPremio único Concurso Nacional de novela breve 2000, imaginación para el nuevo milenio | ||
| 650 | 1 | 4 |
_2LEMB _aNovela colombiana _ySiglo XX |
| 650 | 1 | 4 |
_2LEMB _aLiteratura colombiana _ySiglo XX |
| 650 | 1 | 4 |
_2LEMB _aFamilia en la literatura |
| 942 |
_2loc _cBKLIT |
||
| 264 |
_aBogotá _bAlcaldía Mayor de Bogotá. Instituto Distrital de Cultura y Turismo _c2001 |
||
| 336 |
_atexto _btxt _2rdacontent |
||
| 337 |
_asin mediación _bn _2rdamedia |
||
| 338 |
_avolumen _bnc _2rdacarrier |
||
| 040 |
_aCO-BoRNBP _bspa _erda _cCO-BoRNBP |
||
| 084 | _aN BAD1 | ||
| 999 |
_c5964 _d5964 |
||